000 00638nam a2200205Ia 4500
003 SISC
005 20180927130916.0
008 180918s9999 xx 000 0 und d
020 _a9781107569591
050 _aHC 441 .P235 2017
100 _aPark, Seung Ho
245 _cSeung Ho Park; Gerardo Ungson; Jamil Paolo Francisco
_aASEAN champions:
_bemerging stalwarts in regional integration/
260 _aUK:
_bCambridge University Press
_c2017
300 _a247 pages :
_bcolored illustrations ;
_c23 cm.
500 _aincludes index
650 _aEconomic policy
650 _aSoutheast asia
942 _2lcc
_cBK
999 _c358790
_d358790